00526nam a22001697a 450000500170000001000150001702000260003203500130005803700130007108200150008410000140009924500540011326000420016727001020020930000260031150000190033720131009152147.0 aENG-107936 c575.00a9789350352991 aEN-91469 bDBAD/PUB a346.540166 aDas, P.K.00aRights of divorced wife and widows /cby P.K. Das aDelhibUniversal Law Publishingc2013 aC-FF-1A, Dilkhus Industrial Estate, (Near Azadpur Metro Station) G.T. Karnal Road,bDelhie110033 axliv,552p.c24cm(pbk) aIncludes index